Transfery Rakowa w letnim okienku transferowym 2020/21. - Statystyki

Ogólne statystyki
  • Ten quiz został rozwiązany 30 razy
  • Średni wynik to 5 z 12
Statystyki odpowiedzi
Cena Pozycja Poprzedni klub Piłkarz % Poprawnych
Za darmo Ofensywny pomocnik Korona Kielce Cebula
86%
Za darmo Środkowy napastnik Termalica Bruk-Bet Nieciecza Gutkovskis
71%
Za darmo Prawy napastnik Levante Lopez
71%
Za darmo Bramkarz Zlate Moravce Pindroch
43%
250 tys. Lewy pomocnik Korona Kielce Szelagowski
43%
50 tys. Środkowy napastnik Wisła Płock Zawada
43%
Za darmo Środkowy obrońca Ural Wilusz
39%
? Lewy obrońca HNK Rijeka Mamic
29%
Za darmo Środkowy napastnik Wisła Kraków U19 Litwa
21%
Za darmo Lewy napastnik Panionios Papanikolaou
21%
Za darmo Środkowy pomocnik Escola Varsiovia U19 Owczarek
18%
Za darmo Prawy napastnik AP Zagłębie Lubin Żurek
7%
Nie znaleziono quizów pasujących do podanych kryteriów
Rozkład punktacji
Procent ludzi z każdym wynikiem
Percentyl według liczby udzielonych odpowiedzi
Twoja historia wyników
Nie rozwiązałeś tego quizu